00826nam a2200193 a 450000100100000000500170001000800410002704000250006808200150009310000280010824500600013626000580019630000280025450400730028270000320035595201120038795201180049999900150061700000519220200929151614.0090812s1958 dr a 000 0 spa d aDO-SdBNPbspacBNPHU axxxxbE93p1 aEvola, Francesco91485410aPastor /cFrancesco Evola ; traducción Nazario Ruano. aCiudad Trujillo, Santo Domingo :bArte y Cine,c1958. a176 p. :bil. ;c22 cm. aIncluye referencias bibliográficas y notas al pie de las páginas1 aRuano, Rosario,etr.914855 0010718PDaPDbPDcCTd2009-08-12iLF1l0oxxxx E93pp5192-10r2020-06-25w2020-06-25yLFPDZNo se presta 0010718PDaPDbPDcCTd2011-03-24iLF1l0oxxxx E93pp5192-20r2020-06-25te. 2w2020-06-25yLFPDZNo se presta c4994d4994